Na Slovensku je obozretnosť pri zadávaní marketingových prieskumov namieste

Každému strategickému rozhodnutiu firmy by mal predchádzať marketingový prieskum. Na Slovensku zatiaľ výskumné agentúry realizujú iba prieskumy trhu. Výskumníci sú špecialisti na prieskum trhu, ale málokedy majú skúsenosti s komunikáciou alebo marketingom. Zadávatelia musia byť opatrní pri objednáva...

Full description

Saved in:
Bibliographic Details
Main Author: Pálková, Sylvia
Format: Book Chapter
Language:Slovak
Subjects:
Tags: Add Tag
No Tags, Be the first to tag this record!

MARC

LEADER 00000naa a2200000 4500
001 r043189
005 20230921112319.3
041 0 |a slo 
044 |a SK 
245 1 0 |a Na Slovensku je obozretnosť pri zadávaní marketingových prieskumov namieste  |c Sylvia Pálková 
520 |a Každému strategickému rozhodnutiu firmy by mal predchádzať marketingový prieskum. Na Slovensku zatiaľ výskumné agentúry realizujú iba prieskumy trhu. Výskumníci sú špecialisti na prieskum trhu, ale málokedy majú skúsenosti s komunikáciou alebo marketingom. Zadávatelia musia byť opatrní pri objednávaní výskumu. 
610 2 0 |a prieskum trhu 
610 2 0 |a výskum 
610 2 0 |a marketing 
610 2 0 |a komunikácia 
610 2 0 |a agentúry 
610 2 0 |a Slovensko 
100 1 |a Pálková, Sylvia